|
|
|
|
| LEADER |
00000nam0a2200000 4500 |
| 001 |
350567 |
| 005 |
20231102010320.0 |
| 010 |
|
|
|b 3000 экз.
|
| 035 |
|
|
|a (RuTPU)RU\TPU\retro\4715
|
| 090 |
|
|
|a 350567
|
| 100 |
|
|
|a 20190208d1935 m y0rusy50 ca
|
| 101 |
0 |
|
|a rus
|
| 102 |
|
|
|a RU
|
| 105 |
|
|
|a a z 000zy
|
| 200 |
1 |
|
|a Борис Годунов
|e лирические сцены в 3-х действиях
|f Ив. Ремезов
|g под ред. М. И. Имас
|
| 205 |
|
|
|a 2-е издание
|
| 210 |
|
|
|a Ленинград
|c Издание Лен. Гос. Акад. Театра Оперы и Балета
|d 1935
|
| 215 |
|
|
|a 31 с.
|
| 316 |
|
|
|5 63413507: 153//189
|a На титульном листе штамп-экслибрис: "Обязательный экземпляр Сиб. Науч. Технич. Библиотеки"
|
| 600 |
|
1 |
|a Мусоргский
|b М. П.
|c русский композитор
|f 1839-1881
|g Модест Петрович
|2 stltpush
|3 (RuTPU)RU\TPU\pers\11059
|9 2434
|
| 606 |
1 |
|
|a Опера
|x Либретто
|2 stltpush
|3 (RuTPU)RU\TPU\subj\47028
|9 66096
|
| 610 |
1 |
|
|a оперное творчество
|
| 610 |
1 |
|
|a действия
|
| 610 |
1 |
|
|a опера
|
| 610 |
1 |
|
|a лирические пьесы
|
| 610 |
1 |
|
|a литературная критика
|
| 610 |
1 |
|
|a музыкальные жанры
|
| 675 |
|
|
|a 782
|v 3
|
| 700 |
|
1 |
|a Богданов-Березовский
|b В.
|
| 801 |
|
1 |
|a RU
|b 63413507
|c 20190205
|
| 801 |
|
2 |
|a RU
|b 63413507
|c 20190211
|g RCR
|
| 942 |
|
|
|c BK
|